Актуальные валютно-финансовые проблемы зарубежных стран. 1989, Вып.2 (Запись № 4490194)

Подробности
000 -МАРКЕР
контрольное поле 01548nam2a22002651 4500
001 - ИДЕНТИФИКАТОР ЗАПИСИ
контрольное поле RU\NLR\INFOCOMM6\1000507456
005 - ИДЕНТИФИКАТОР ВЕРСИИ
контрольное поле 20250617012714.0
035 ## - ДРУГИЕ СИСТЕМНЫЕ НОМЕРА
Идентификатор записи (NLR Aleph) 002343518
100 ## - ДАННЫЕ ОБЩЕЙ ОБРАБОТКИ
Данные общей обработки 20041104d1989 |||y0rusy50 ca
101 0# - ЯЗЫК РЕСУРСА
Язык текста, звукозаписи и т.д. русский
102 ## - СТРАНА ПУБЛИКАЦИИ ИЛИ ПРОИЗВОДСТВА
Страна публикации Российская Федерация
105 ## - ПОЛЕ КОДИРОВАННЫХ ДАННЫХ: ТЕКСТОВЫЕ МАТЕРИАЛЫ, МОНОГРАФИЧЕСКИЕ
Кодированные данные о монографическом текстовом документе y |||||||||
200 0# - ЗАГЛАВИЕ И СВЕДЕНИЯ ОБ ОТВЕТСТВЕННОСТИ
Основное заглавие 1989, Вып.2
210 ## - ПУБЛИКАЦИЯ, РАСПРОСТРАНЕНИЕ И ДР.
Дата издания, распространения и т.д. 1989
Место издания, распространения и т.д. Б. м.
225 0# - СЕРИЯ
Основное заглавие серии Актуальные валютно-финансовые проблемы зарубежных социалистических стран
Обозначение тома 1989, Вып.2
Наименование части Совершенствование финансово-кредитного механизма в странах-членах СЭВ
Обозначение тома 1988
461 #0 - УРОВЕНЬ НАБОРА
Встроенное поле 001RU\NLR\INFOCOMM16\1000487276
-- 2001#$aАктуальные валютно-финансовые проблемы зарубежных стран$fН.-и. фин. ин-т$v1989, Вып.2
Системный номер (АБИС) связанной записи 4056565
Место публикации М.
Дата публикации 1983-
Первые сведения об ответственности Н.-и. фин. ин-т
Заглавие Актуальные валютно-финансовые проблемы зарубежных стран
Номер тома 1989, Вып.2
462 #0 - УРОВЕНЬ ПОДНАБОРА
Встроенное поле 001RU\NLR\INFOCOMM6\1000507455
-- 2001#$v1988
Системный номер (АБИС) связанной записи 4490192
Место публикации М.
Дата публикации 1989-
Заглавие Актуальные валютно-финансовые проблемы зарубежных стран. - Совершенствование финансово-кредитного механизма в странах-членах СЭВ
Номер тома 1988
801 #1 - ИСТОЧНИК ЗАПИСИ
Страна Российская Федерация
Организация InfoComm
Дата составления 20041104
801 #0 - ИСТОЧНИК ЗАПИСИ
Страна Российская Федерация
Организация NLR
Правила каталогизации PSBO
852 ## - МЕСТОНАХОЖДЕНИЕ И ШИФР ХРАНЕНИЯ
Идентификатор организации NLR
Шифр хранения (Call Number) П22/5129
942 ## - ДОПОЛНИТЕЛЬНЫЕ ЭЛЕМЕНТЫ ЗАПИСИ (АБИС)
Тип экземпляра АБИС Выпуск
980 ## - КОЛЛЕКЦИЯ
Название коллекции Национальная библиография
980 ## - КОЛЛЕКЦИЯ
Название коллекции Русская периодика

Нет доступных экземпляров.